Normal view MARC view

Entry Personal Name

Number of records used in: 2

001 - CONTROL NUMBER

  • control field: 59609

003 - CONTROL NUMBER IDENTIFIER

  • control field: dpl

005 - DATE AND TIME OF LATEST TRANSACTION

  • control field: 20231206153837.0

008 - FIXED-LENGTH DATA ELEMENTS

  • fixed length control field: 231206|| aca||aabn | a|a d

040 ## - CATALOGING SOURCE

  • Original cataloging agency: dpl
  • Transcribing agency: dpl

100 ## - HEADING--PERSONAL NAME

  • Personal name: घोष , अजय कुमार

670 ## - SOURCE DATA FOUND

  • Source citation: Work cat.: (dpl)199515: एल.नटराज 59605, भारतीय स्वाधीनता आन्दोलन/, 2021

© Delhi Public Library
Hit Counter
free hit counter